| 000 | 00996nam a22002537i 4500 | ||
|---|---|---|---|
| 999 |
_c22880 _d22880 |
||
| 003 | AR-CdUCM | ||
| 008 | 240508b20192019 pe||||| |||| 00| 0 spa d | ||
| 020 | _a978-612-4453-02-1 | ||
| 040 |
_aMUNICIPALIDAD PROVINCIAL DEL CUSCO _cBIBLIOTECA MUNICIPAL DEL CUSCO |
||
| 082 |
_a985.009 / S38R _bS38R |
||
| 100 |
_aSeminario Ojeda, Miguel Arturo. _916283 |
||
| 245 |
_aEl Reposo de los héroes : _bdesde el Presbítero Maestro al Panteón Nacional de los Próceres / |
||
| 260 |
_aLima : _bJurado Nacional de elecciones, _c2019 |
||
| 300 |
_a270 páginas. : _c30 cm. |
||
| 500 | _zBibliografía: páginas 266 - 270 | ||
| 505 | _aEl Presbítero Maestro -- El panteón Nacional de los Próceres | ||
| 650 |
_aLos peruanos de la independencia en el Presbítero Maestro _949759 |
||
| 650 |
_aLos restos mortales _949760 |
||
| 650 |
_aBustos representativos _949761 |
||
| 650 |
_aLas placas de reconocimiento _949762 |
||
| 856 | _fwww.jne.gob.pe | ||
| 942 |
_2ddc _cLIBROS |
||
| 945 |
_apbj _d2024-05-08 |
||